New Architectural Drawings /
Na minha lista:
| Autor principal: | |
|---|---|
| Formato: | Livro |
| Idioma: | inglês |
| Publicado em: |
Teufen, Suiza :
Niggli,
1969, c1969
|
| Assuntos: | |
| Tags: |
Sem tags, seja o primeiro a adicionar uma tag!
|
MARC
| LEADER | 00000nam^a2200000^a^4500 | ||
|---|---|---|---|
| 001 | 000184746 | ||
| 005 | 20250521000000.0 | ||
| 009 | 20260310102126.795 | ||
| 037 | |a Acervo ITESO - Biblioteca | ||
| 041 | |a ING | ||
| 082 | |a 720. 222 |b JAC | ||
| 100 | |a Jacoby, Helmut |e (ed.) | ||
| 245 | 1 | 0 | |a New Architectural Drawings / |c Ed. de H. Jacoby. |
| 264 | 4 | |a Teufen, Suiza : |b Niggli, |c 1969, c1969 | |
| 336 | |a texto |b txt |2 rdacontenido | ||
| 337 | |a sin mediación |b n |2 rdamedio | ||
| 338 | |a volumen |b nc |2 rdasoporte | ||
| 546 | |a Edición bilingüe alemán-inglés | ||
| 649 | |a XX | ||
| 650 | |a Dibujo Arquitectónico | ||
| 650 | |a Representación Arquitectónica | ||
| 650 | |a Diseño Arquitectónico | ||
| 650 | |a Arquitectura | ||
| 910 | |a Fondo Julio de la Peña Lomelín | ||
| 920 | |a Impresos - Libros | ||
| 930 | |a Arquitectos Jaliscienses | ||
| 905 | |a 115 | ||
| 901 | |a 0500125821 |b IT1 |c JAL |u 20250521 | ||
| 902 | |a https://opac.biblio.iteso.mx/vufind/Record/000184746 | ||